[Event "Moscow op-F 13th"]
[Site "Moscow"]
[Date "2017.01.30"]
[Round "4"]
[White "Mingazov, Almaz"]
[Black "Kezin, Roman"]
[Result "0-1"]
[WhiteElo "2303"]
[BlackElo "2439"]
[PlyCount "82"]
[EventDate "2017.01.27"]
[EventType "swiss"]
[EventRounds "9"]
[EventCountry "RUS"]
[SourceTitle "CBM 176 Extra"]
[Source "ChessBase"]
[SourceDate "2017.03.02"]
[SourceVersion "1"]
[SourceVersionDate "2017.03.02"]
[SourceQuality "1"]

1. d4 d5 2. c4 e6 3. Nf3 Nf6 4. g3 Bb4+ 5. Bd2 a5 6. Qc2 c5 7. dxc5 d4 8. Bg2 Bxc5 9. 0-0 Nc6 10. Rd1 e5 11. Bg5 h6 12. Bxf6 Qxf6 13. Nbd2 0-0 14. Ne4 Qe7 15. Nh4 Be6 16. Qa4 Ra6 17. Qb5 Ba7 18. c5 Bb8 19. Rdc1 Rd8 20. Nf3 a4 21. Nd6 Ra7 22. Nd2 Bxd6 23. cxd6 Qxd6 24. Nc4 Qb8 25. b4 f6 26. a3 Ne7 27. Nb6 Bb3 28. Rc5 Qd6 29. Nc4 Qe6 30. Rc7 Nd5 31. Bxd5 Rxd5 32. Qb6 Qxb6 33. Nxb6 Rd8 34. Rac1 e4 35. Rc8 Rxc8 36. Rxc8+ Kf7 37. Rd8 Ra6 38. Na8 Ke7 39. Rb8 Rxa8 40. Rxa8 d3 41. exd3 exd3 0-1

[Event "Moscow op-F 13th"]
[Site "Moscow"]
[Date "2017.01.29"]
[Round "3"]
[White "Kuzub, Pavel"]
[Black "Mingazov, Almaz"]
[Result "0-1"]
[WhiteElo "1964"]
[BlackElo "2303"]
[PlyCount "124"]
[EventDate "2017.01.27"]
[EventType "swiss"]
[EventRounds "9"]
[EventCountry "RUS"]
[SourceTitle "CBM 176 Extra"]
[Source "ChessBase"]
[SourceDate "2017.03.02"]
[SourceVersion "1"]
[SourceVersionDate "2017.03.02"]
[SourceQuality "1"]

1. Nf3 Nf6 2. g3 d5 3. Bg2 Bg4 4. 0-0 Nbd7 5. d3 e5 6. Nbd2 c6 7. e4 dxe4 8. dxe4 Qc7 9. Qe2 Be7 10. b3 0-0 11. Bb2 Rfe8 12. Nc4 Bc5 13. a4 Bh5 14. h3 a5 15. Rfe1 Bd4 16. c3 Bc5 17. Qc2 b5 18. Ne3 Nb6 19. c4 bxa4 20. bxa4 Bb4 21. Red1 Nbd7 22. g4 Bg6 23. Nf5 Nc5 24. Nd6 Re6 25. Bxe5 Ncd7 26. Ne8 Qb7 27. Nxf6+ Nxf6 28. Bxf6 Bxe4 29. Qe2 Bxf3 30. Qxf3 Rxf6 31. Qe3 Re6 32. Qg5 h6 33. Rd8+ Bf8 34. Qd2 Rxd8 35. Qxd8 Qb4 36. Bf1 Rd6 37. Qe8 g6 38. Qe4 Rf6 39. Ra2 Kg7 40. f3 Bc5+ 41. Kh1 Re6 42. Qc2 Bd4 43. Qd3 c5 44. Kg2 Re3 45. Qd1 Qc3 46. Be2 Re6 47. Rc2 Qe3 48. Bd3 Be5 49. Qd2 Qd4 50. Be4 Qa1 51. Ra2 Rd6 52. Bd5 Qb1 53. Qc2 Qe1 54. Qf2 Qb4 55. Qd2 Bc3 56. Qd3 Bd4 57. Qd1 Rb6 58. Rd2 Qc3 59. Qc2 Qa1 60. f4 Qg1+ 61. Kf3 Qe3+ 62. Kg2 Rb3 0-1

[Event "Tuimazy RB-ch YM 98/99"]
[Site "Tuimazy"]
[Date "2015.08.18"]
[Round "7"]
[White "Sibagatullin, Timur"]
[Black "Mingazov, Almaz"]
[Result "1/2-1/2"]
[WhiteElo "1784"]
[BlackElo "2097"]
[PlyCount "64"]
[EventDate "2015.08.18"]
[EventType "tourn"]
[EventRounds "7"]
[EventCountry "RUS"]
[SourceTitle "EXT 2022"]
[Source "ChessBase"]
[SourceDate "2021.10.06"]
[SourceVersion "1"]
[SourceVersionDate "2021.10.06"]
[SourceQuality "1"]

1. d4 f5 2. Nf3 Nf6 3. c4 g6 4. Nc3 Bg7 5. e3 0-0 6. b4 d6 7. Qb3 Kh8 8. Be2 Be6 9. 0-0 Bg8 10. Bb2 c6 11. Qc2 a5 12. a3 Na6 13. Qa4 Qb6 14. b5 Nc7 15. Rab1 cxb5 16. Nxb5 Nxb5 17. Qxb5 Qxb5 18. cxb5 Rfc8 19. Rfc1 Nd5 20. Nd2 Nb6 21. Bf3 Bd5 22. Bxd5 Nxd5 23. Nc4 Kg8 24. Kf1 a4 25. Ke2 Rc7 26. Kd3 Rac8 27. f3 Bh6 28. Rc2 Nf6 29. Rc3 Nd5 30. Rc2 Nf6 31. Rc3 Nd5 32. Rc2 Nf6 1/2-1/2

[Event "Samara Polugaevsky Memorial 5th"]
[Site "Samara"]
[Date "2015.07.06"]
[Round "4"]
[White "Sakorenko, Adriana"]
[Black "Mingazov, Almaz"]
[Result "1/2-1/2"]
[WhiteElo "1899"]
[BlackElo "2166"]
[PlyCount "99"]
[EventDate "2015.07.03"]
[EventType "swiss"]
[EventRounds "9"]
[EventCountry "RUS"]
[SourceTitle "EXT 2017"]
[Source "ChessBase"]
[SourceDate "2016.10.25"]
[SourceVersion "1"]
[SourceVersionDate "2016.10.25"]
[SourceQuality "1"]

1. e4 e5 2. Nf3 d6 3. d4 Nd7 4. Bc4 c6 5. 0-0 Be7 6. Nc3 Ngf6 7. a3 0-0 8. dxe5 dxe5 9. h3 Qc7 10. Be3 b5 11. Ba2 Nc5 12. Bxc5 Bxc5 13. Qe2 Nh5 14. Qd2 Nf4 15. Rad1 Ba6 16. b4 Rad8 17. Qe1 Bb6 18. Ne2 Rxd1 19. Qxd1 Rd8 20. Qe1 Ng6 21. Qc1 c5 22. c3 c4 23. Rd1 Bb7 24. Bb1 f6 25. Rxd8+ Qxd8 26. Qd2 Qc7 27. Nh2 Nf8 28. Ng4 Ne6 29. Ne3 Kf7 30. Nf5 Bc6 31. Qd6 Qb7 32. Neg3 Nf4 33. Qd1 Qb8 34. Nh5 g6 35. Nxf4 exf4 36. Nd4 Qd6 37. Bc2 Bd7 38. Nf3 Qc7 39. Qd5+ Kg7 40. e5 Bc6 41. Qe6 fxe5 42. Nxe5 Bb7 43. Nd7 Qc6 44. Qxc6 Bxc6 45. Nxb6 axb6 46. g3 g5 47. Bd1 Kf6 48. g4 Ke5 49. f3 h5 50. Kf2 1/2-1/2

[Event "Samara Polugaevsky Memorial 5th"]
[Site "Samara"]
[Date "2015.07.03"]
[Round "1"]
[White "Mingazov, Almaz"]
[Black "Timofeev, Artyom"]
[Result "0-1"]
[WhiteElo "2166"]
[BlackElo "2536"]
[PlyCount "42"]
[EventDate "2015.07.03"]
[EventType "swiss"]
[EventRounds "9"]
[EventCountry "RUS"]
[SourceTitle "CBM 167 Extra"]
[Source "ChessBase"]
[SourceDate "2015.09.14"]
[SourceVersion "1"]
[SourceVersionDate "2015.09.14"]
[SourceQuality "1"]

1. d4 Nf6 2. c4 g6 3. f3 d5 4. cxd5 Nxd5 5. e4 Nb6 6. Nc3 Bg7 7. Be3 0-0 8. Qd2 Nc6 9. 0-0-0 Qd6 10. Nb5 Qd7 11. h4 Rd8 12. d5 Ne5 13. Bd4 c6 14. Nc3 cxd5 15. exd5 Qc7 16. f4 Nec4 17. Qf2 Bh6 18. g3 Nxd5 19. Nxd5 Rxd5 20. Kb1 Bf5+ 21. Ka1 Na3 0-1

[Event "Ufa Young Cup"]
[Site "Ufa"]
[Date "2012.10.13"]
[Round "9.3"]
[White "Mingazov, Almaz"]
[Black "Iskhakov, Artur"]
[Result "0-1"]
[WhiteElo "1912"]
[BlackElo "1900"]
[PlyCount "40"]
[EventDate "2012.10.09"]
[EventType "swiss"]
[EventRounds "9"]
[EventCountry "RUS"]
[SourceTitle "EXT 2022"]
[Source "ChessBase"]
[SourceDate "2021.10.06"]
[SourceVersion "1"]
[SourceVersionDate "2021.10.06"]
[SourceQuality "1"]

1. d4 Nf6 2. Bg5 Ne4 3. Bf4 c5 4. f3 Qa5+ 5. c3 Nf6 6. d5 e6 7. e4 b5 8. a4 a6 9. dxe6 fxe6 10. Bd6 Qb6 11. Bxf8 Rxf8 12. axb5 Bb7 13. Na3 d5 14. exd5 exd5 15. Qa4 Kf7 16. Nh3 Re8+ 17. Be2 axb5 18. Qd1 b4 19. Nc2 Rxa1 20. Nxa1 Ba6 0-1

[Event "Ufa Young Cup"]
[Site "Ufa"]
[Date "2012.10.11"]
[Round "6.3"]
[White "Mingazov, Almaz"]
[Black "Garipova, Renata"]
[Result "1/2-1/2"]
[WhiteElo "1912"]
[BlackElo "1869"]
[PlyCount "117"]
[EventDate "2012.10.09"]
[EventType "swiss"]
[EventRounds "9"]
[EventCountry "RUS"]
[SourceTitle "EXT 2022"]
[Source "ChessBase"]
[SourceDate "2021.10.06"]
[SourceVersion "1"]
[SourceVersionDate "2021.10.06"]
[SourceQuality "1"]

1. d4 d5 2. c4 e6 3. Nc3 Nf6 4. Nf3 a6 5. cxd5 exd5 6. Bg5 Be6 7. e3 c6 8. Bd3 Nbd7 9. 0-0 Bd6 10. e4 dxe4 11. Nxe4 Qc7 12. Nxd6+ Qxd6 13. Re1 0-0 14. Qc2 h6 15. Bh4 Nd5 16. Bg3 Qe7 17. Bf5 Qf6 18. Bxe6 fxe6 19. Re2 Rac8 20. Rae1 Rfe8 21. Bh4 g5 22. Bg3 c5 23. Qe4 cxd4 24. Qxd4 Qxd4 25. Nxd4 Nc5 26. h4 Nd3 27. Rd1 N3f4 28. Re5 gxh4 29. Bxf4 Nxf4 30. Re4 e5 31. Nf5 Rc2 32. Rd7 h3 33. Nxh6+ Kh8 34. Nf7+ Kg8 35. Nh6+ Kh8 36. g3 h2+ 37. Kh1 Nh3 38. Kxh2 Nxf2 39. Nf7+ Kg8 40. Rh4 Ne4+ 41. Kh3 Nf2+ 42. Kg2 Ng4+ 43. Kf3 Nh2+ 44. Ke4 Rc4+ 45. Kf5 Rxh4 46. gxh4 Nf3 47. h5 Rf8 48. Ke4 Rxf7 49. Rxf7 Ng5+ 50. Kxe5 Kxf7 51. Kd6 Ne4+ 52. Kc7 Nc5 53. b4 Nd3 54. a3 Ne1 55. a4 Nc2 56. Kxb7 Nxb4 57. Kb6 Kf6 58. Kc5 a5 59. Kb5 1/2-1/2

[Event "Ufa Young Cup"]
[Site "Ufa"]
[Date "2012.10.09"]
[Round "2.5"]
[White "Gantsev, Karim"]
[Black "Mingazov, Almaz"]
[Result "0-1"]
[WhiteElo "1674"]
[BlackElo "1912"]
[PlyCount "64"]
[EventDate "2012.10.09"]
[EventType "swiss"]
[EventRounds "9"]
[EventCountry "RUS"]
[SourceTitle "EXT 2022"]
[Source "ChessBase"]
[SourceDate "2021.10.06"]
[SourceVersion "1"]
[SourceVersionDate "2021.10.06"]
[SourceQuality "1"]

1. e4 c5 2. Nf3 d6 3. Nc3 a6 4. d3 g6 5. Be3 Bg7 6. d4 cxd4 7. Bxd4 Nf6 8. Nd5 Nbd7 9. Nxf6+ Nxf6 10. Bc4 0-0 11. e5 dxe5 12. Bxe5 Qa5+ 13. Bc3 Qh5 14. Ne5 Qxd1+ 15. Rxd1 b5 16. Be2 Ne4 17. Bd4 Bb7 18. Nd7 Bxd4 19. Nxf8 Bxf2+ 20. Kf1 Kxf8 21. Bf3 Bb6 22. Bxe4 Bxe4 23. Rd2 Rd8 24. Rxd8+ Bxd8 25. c3 e5 26. Kf2 Bb6+ 27. Kg3 f5 28. Re1 Ke7 29. Kh3 h5 30. Re2 g5 31. Kg3 f4+ 32. Kh3 Bf5+ 0-1

[Event "Anapa op"]
[Site "Anapa"]
[Date "2012.09.03"]
[Round "4"]
[White "Mingazov, Almaz"]
[Black "Nagapetian, Zhanna"]
[Result "1-0"]
[WhiteElo "1870"]
[BlackElo "1706"]
[PlyCount "77"]
[EventDate "2012.08.30"]
[EventType "swiss"]
[EventRounds "9"]
[EventCountry "RUS"]
[SourceTitle "CBM 150 Extra"]
[Source "ChessBase"]
[SourceDate "2012.10.19"]
[SourceVersion "1"]
[SourceVersionDate "2012.10.19"]
[SourceQuality "1"]

1. d4 d5 2. c4 c6 3. Nf3 e6 4. e3 f5 5. Nc3 Nf6 6. Bd3 Bd6 7. 0-0 Nbd7 8. cxd5 cxd5 9. Bd2 a6 10. Rc1 0-0 11. Qb3 Qe7 12. a4 Kh8 13. Ne2 Ne4 14. Bc3 Ndf6 15. Nf4 g5 16. Bxe4 Nxe4 17. Nd3 Bd7 18. Nfe5 Be8 19. f3 Nf6 20. Bb4 Bxb4 21. Nxb4 g4 22. fxg4 fxg4 23. Nbd3 Rg8 24. Qb6 Ne4 25. Rc7 Qg5 26. Qxb7 Qxe3+ 27. Kh1 Qh6 28. Nf7+ Bxf7 29. Rcxf7 Ng3+ 30. Kg1 Qe3+ 31. R1f2 Ne2+ 32. Kf1 Qxd3 33. Rxe2 Rab8 34. Qa7 Ra8 35. Qc5 Qd1+ 36. Kf2 g3+ 37. Ke3 gxh2 38. Qe7 h1Q 39. Qf6+ 1-0

[Event "Anapa op"]
[Site "Anapa"]
[Date "2012.08.30"]
[Round "1"]
[White "Karamanov, Dmitry"]
[Black "Mingazov, Almaz"]
[Result "1-0"]
[WhiteElo "2198"]
[BlackElo "1870"]
[PlyCount "99"]
[EventDate "2012.08.30"]
[EventType "swiss"]
[EventRounds "9"]
[EventCountry "RUS"]
[SourceTitle "CBM 150 Extra"]
[Source "ChessBase"]
[SourceDate "2012.10.19"]
[SourceVersion "1"]
[SourceVersionDate "2012.10.19"]
[SourceQuality "1"]

1. d4 Nf6 2. c4 e6 3. Nc3 Bb4 4. Qc2 c5 5. a3 Bxc3+ 6. bxc3 Qa5 7. Bd2 d5 8. cxd5 exd5 9. c4 Qd8 10. dxc5 d4 11. Nf3 0-0 12. g3 Re8 13. Qd3 Nc6 14. Bg2 Ne4 15. 0-0 Nxc5 16. Qb1 Rxe2 17. Bg5 Qa5 18. Qd1 Re8 19. Bd2 Qa6 20. Ng5 Ne6 21. Ne4 Rd8 22. c5 Ne5 23. f4 Nc4 24. f5 Nf8 25. f6 Ng6 26. fxg7 Kxg7 27. Bg5 Re8 28. Qf3 f5 29. Nf6 Rf8 30. Nh5+ Kg8 31. Qd5+ Rf7 32. Qxd4 Nge5 33. Rae1 Bd7 34. Bd5 Be6 35. Rxe5 Nxe5 36. Qxe5 Bxd5 37. Qxd5 Qg6 38. Nf6+ Kg7 39. Rxf5 Raf8 40. h4 Rxf6 41. Rxf6 Qb1+ 42. Kh2 Qb2+ 43. Qg2 Qxg2+ 44. Kxg2 Rxf6 45. Bxf6+ Kxf6 46. g4 Ke5 47. Kf3 a5 48. a4 Kd5 49. g5 Kxc5 50. h5 1-0

[Event "Sterlitamak Rochinskiy op"]
[Site "Sterlitamak"]
[Date "2012.06.28"]
[Round "7"]
[White "Mingazov, Almaz"]
[Black "Butorin, Andrey"]
[Result "0-1"]
[WhiteElo "1846"]
[BlackElo "2065"]
[PlyCount "50"]
[EventDate "2012.06.22"]
[EventType "swiss"]
[EventRounds "9"]
[EventCountry "RUS"]
[SourceTitle "EXT 2013"]
[Source "ChessBase"]
[SourceDate "2012.11.22"]
[SourceVersion "1"]
[SourceVersionDate "2012.11.22"]
[SourceQuality "1"]

1. d4 Nf6 2. c4 g6 3. Nc3 Bg7 4. e4 d6 5. Nf3 0-0 6. Be2 Nbd7 7. a3 e5 8. d5 Nc5 9. Qc2 a5 10. b3 Bd7 11. 0-0 Nh5 12. Ne1 Nf4 13. Bxf4 exf4 14. Nd3 Bxc3 15. Qxc3 Nxe4 16. Qc2 Qf6 17. Rfe1 Rfe8 18. Rac1 Qd4 19. Bf1 g5 20. Nb2 f5 21. Red1 Qg7 22. f3 Nc5 23. Nd3 b6 24. b4 axb4 25. axb4 Ba4 0-1

[Event "Sterlitamak Rochinskiy op"]
[Site "Sterlitamak"]
[Date "2012.06.26"]
[Round "5"]
[White "Mingazov, Almaz"]
[Black "Shamigulov, Albert"]
[Result "1-0"]
[WhiteElo "1846"]
[BlackElo "1666"]
[PlyCount "75"]
[EventDate "2012.06.22"]
[EventType "swiss"]
[EventRounds "9"]
[EventCountry "RUS"]
[SourceTitle "EXT 2013"]
[Source "ChessBase"]
[SourceDate "2012.11.22"]
[SourceVersion "1"]
[SourceVersionDate "2012.11.22"]
[SourceQuality "1"]

1. d4 c5 2. d5 Nf6 3. c4 g6 4. Nc3 Bg7 5. e4 d6 6. Nf3 0-0 7. Be2 e6 8. 0-0 exd5 9. cxd5 Re8 10. Bd3 Na6 11. a3 Nc7 12. Bg5 h6 13. Bh4 Bd7 14. a4 Rb8 15. Bg3 Bg4 16. h3 Bxf3 17. Qxf3 a6 18. a5 Qe7 19. Rfe1 Nd7 20. Qd1 Ne5 21. Bf1 b5 22. axb6 Rxb6 23. f4 Nd7 24. Na4 Rb4 25. Bd3 Reb8 26. Ra2 Rb3 27. Kh2 g5 28. fxg5 hxg5 29. e5 Nxe5 30. Bc2 R3b4 31. Nxc5 Rxb2 32. Rxb2 Rxb2 33. Nd3 Rb5 34. Nxe5 Rxd5 35. Nc6 Qd7 36. Ne7+ Qxe7 37. Rxe7 Rxd1 38. Bxd1 1-0

[Event "Sterlitamak Rochinskiy op"]
[Site "Sterlitamak"]
[Date "2012.06.23"]
[Round "2"]
[White "Gataullin, Artur"]
[Black "Mingazov, Almaz"]
[Result "1-0"]
[WhiteElo "2064"]
[BlackElo "1846"]
[PlyCount "79"]
[EventDate "2012.06.22"]
[EventType "swiss"]
[EventRounds "9"]
[EventCountry "RUS"]
[SourceTitle "EXT 2013"]
[Source "ChessBase"]
[SourceDate "2012.11.22"]
[SourceVersion "1"]
[SourceVersionDate "2012.11.22"]
[SourceQuality "1"]

1. e4 e5 2. Nf3 Nc6 3. d4 exd4 4. Bc4 d6 5. Nxd4 Nf6 6. Nc3 Be7 7. 0-0 0-0 8. Re1 Nxd4 9. Qxd4 Nd7 10. Nd5 Bf6 11. Nxf6+ Qxf6 12. Qd1 Ne5 13. Be2 Re8 14. Be3 Bd7 15. f3 Qg6 16. Kh1 Kh8 17. Bd4 Nc6 18. Bc3 Rad8 19. Bd3 Ne5 20. Be2 Bc6 21. Qd4 a6 22. h3 Qg3 23. Rf1 Re6 24. Be1 Qf4 25. Bd2 Qg3 26. Be1 Qf4 27. g3 Qh6 28. Kg2 Bd7 29. Bd2 Nc6 30. Qd3 Qg6 31. Bc3 Rde8 32. Rae1 Qh6 33. Rh1 Ne5 34. Qd1 Rg6 35. g4 Rge6 36. Bd2 Qh4 37. f4 Nc6 38. Bf3 Nd4 39. f5 Nxf3 40. fxe6 1-0